Statistiques concernant Les reptiles par images

Cliquez ici pour prendre le quiz!

Statistiques générales

  • Ce quiz a été pris 314 fois
  • Le résultat moyen est 8 sur 15

Statistiques - réponses

Réponse% Correct
Crocodile
100%
Iguane
87%
Tortue
87%
Caméléon
80%
Dragon de Komodo
72%
Tortue de mer
67%
Gecko
66%
Serpent à sonnette
61%
Anaconda
57%
Cobra royal
57%
Mamba noir
38%
Monstre de Gila
23%
Scinque
14%
Dragon barbu
10%
Diable épineux
3%

Distribution des résultats

Percentile par nombre de réponses

% des personnes avec chaque résultat

Votre développement - résultats

Vous n’avez pas pris ce quiz